000 02982cam a2200385 i 4500
001 18045896
005 20161116153049.0
008 140218t2015 caua b 001 0 eng d
010 _a 2014933555
020 _a978-1-4462-6731-8
035 _a(OCoLC)ocn894929204
040 _aYDXCP
_beng
_cYDXCP
_erda
_dOCLCQ
_dNLGGC
_dOCL
_dUAB
_dOCLCQ
_dTULIB
_dDLC
042 _alccopycat
050 0 0 _aHF5549.5.E45
_bI577 2015
082 0 4 _aDC 658.3
_22015
_bH26
100 _917566
_aHarzing, Anne-Wil
245 0 0 _aInternational human resource management /
_cAnne-Wil Harzing and Ashly H. Pinnington.
250 _aFourth edition.
260 _aLos Angeles:
_bSAGE Publications, Ltd.,
_cc2015.
300 _axxiii, 540 pages :
_billustrations ;
_c23 cm
504 _aIncludes bibliographical references and index.
505 0 _aPart 1 Cultural, comparative and organizational perspectives on ihrm -- 1. Culture and Cross-Cultural Management / Laurence Romani -- 2. Comparative Human Resource Management / Chris Brewster, Wolfgang Mayrhofer -- 3. The Transfer of Employment Practices across Borders in Multinational Companies / Tony Edwards -- 4. Approaches to International Human Resource Management / Chris Rowley, Jean Qi Wei, Malcolm Warner -- Part 2 International assignment and employment practices -- 5. International Assignments / B. Sebastian Reiche, Anne-Wil Harzing -- 6. Multinational Companies and the Host Country Environment / Damian Grimshaw, Jill Rubery, Phil Almond -- 7. Regulation and Multinational Corporations: The Changing Context of Global Employment Relations / Miguel Martinez Lucio, Robert MacKenzie -- 8. Human Resource Management in Cross-Border Mergers and Acquisitions / Vladimir Pucik ... [et al.] -- Part 3 Ihrm policies and practices -- 9. Managing Knowledge in Multinational Firms / Ingmar Bjorkman ... [et al.] -- 10. Training and Development: Developing Global Leaders and Expatriates / Ashly H. Pinnington, Yaw A. Debrab, Christopher J. Rees -- 11. Global and Local Resourcing / Chris Rowley, Alan Nankervis, Malcolm Warner -- 12. Global Performance Management / Arup Varma, Pawan S. Budhwar -- 13. Total Rewards in the International Context / K. Galen Kroeck, Mary Ann Von Glinow -- 14. Equal Opportunity and Diversity Management in the Global Context / Fang Lee Cooke -- 15. Corporate Social Responsibility and Sustainability through Ethical HRM practices / Fang Lee Cooke.
650 0 _aInternational business enterprises
_xPersonnel management.
650 0 _aPersonnel management.
650 7 _aPersonnel management
_2fast
650 7 _aInternational business enterprises
_xPersonnel management.
_2fast
650 1 7 _aPersoneelsmanagement.
_2gtt
650 1 7 _aInternationalisatie.
_2gtt
700 1 _aPinnington, Ashly,
365 _b5,555.00
_cPhp
906 _a7
_bcbc
_ccopycat
_d2
_encip
_f20
_gy-gencatlg
942 _2ddc
_cDC
999 _c5736
_d5736